| 000 | 00550nam a2200169Ia 4500 | ||
|---|---|---|---|
| 005 | 20250829143608.0 | ||
| 020 | _a0256023662 | ||
| 050 |
_aHD6961 _b.F95 |
||
| 100 | 1 | _aFulmer, William E. | |
| 245 | 1 | 0 |
_aProblems in labor relations : _btext and cases / _cWilliam E. Fulmer. |
| 260 |
_aIlliois _bRichared D. Irwin _c1980 |
||
| 300 | _axiii, 665 pages. | ||
| 505 | _aPT. 1. Introduction PT. 2. Collective bargaining PT. 3. A broader perspective for labour relations | ||
| 650 | 0 | _aIndustrial relations | |
| 650 | 0 | _aPersonnel management | |
| 942 | _cBK | ||
| 999 |
_c8480 _d8480 |
||